| 000 | 00525nam a2200133 a 4500 | ||
|---|---|---|---|
| 008 | 120416s1974 ||||||||||||||||| || u | ||
| 050 | _aTA 405 Glu | ||
| 100 | _aGlushkov, G. S | ||
| 245 | 1 | 0 |
_aEngineering methods for analysing strength and rigidity _ctranslated from the Russian by N. N. Lebedensky |
| 260 |
_aMoscow _bMir _c1974 |
||
| 300 | _a359p. | ||
| 350 | _a0.00 | ||
| 995 |
_D0.00 _FCBU-MAIN LIBRARY (Kitwe) _H1 _I12.00 _M1 _UAVAILABLE _ZAnnex Low-Usage Collection |
||
| 999 |
_c41977 _d41977 |
||